000 00369pam a2200145 a 4500
020 _c
041 _h
082 _a778.5343
_bHIC
100 _aRoger Hicks / F Schultz.
245 _aProlighting : Lingerie Shots
_bProlighting : Lingerie Shots
_hTextual Documents
250 _a1995.
260 _aAmerica
_bRotovision Book
300 _a160:
_bpaper.
930 _a3414
999 _c237204
_d237204